000
00274nam a2200121 a 4500
008
101022s1973|||| d
245
1
0
_a
Detektív Aniskin
100
1
_a
Lipatov, Viľ
260
_b
Obzor
_a
Bratislava
_c
1973
044
_a
xo
_c
SK
020
_c
18
041
_a
slo
999
_c
12083
_d
12083